000 01081cam a2200229 4500
001 ABS66534
008 030331n2003 000 0 eng u
035 _a(Sirsi) u121828
100 _aFischbaum, A.
245 4 _aThe debt trap
260 _c2003
490 _aEstates Gazette
_v(0309) 1 March 2003, 188-189(1)
520 _aExamines the activity in property investments which have thrived in recent years along with the strong growth in the property market. Looks at ways to assess the risks and their effects. Argues that modelling the total investment in detail is important to understand the impact of key variables. This includes assessing the overall risk and establishing potential shortfalls and whether mandatory additional obligations can be met. With tables of Internal Rates of Return and geared versus ungeared annual returns of the IPD index.
590 _aABS
650 _aPROPERTY RETURNS
650 _aPROPERTY MARKET
650 _aINVESTMENT RISK
650 _aINVESTMENT RETURNS
650 _aPROJECT RISK
690 _aINVESTMENT
942 _n0
999 _c72394
_d72394